Kylie Minogue Charting Songs (Billboard Hot Dance) - Statistics

General Stats
  • This quiz has been taken 46 times
    6 since last reset
  • The average score is 11 of 20
Answer Stats
Album Weeks On Peak Artist(s) Song % Correct
Tension 21 Weeks #7 Kylie Minogue Padam Padam
100%
Tension 5 Weeks #18 Kylie Minogue Tension
100%
Kiss Me Once 10 Weeks #24 Kylie Minogue Into the Blue
75%
Tension II 1 Week #33 Kylie Minogue, Bebe Rexha & Tove Lo My Oh My
75%
Disco 6 Weeks #18 Kylie Minogue Say Something
75%
Disco: Guest List Edition 1 Week #26 Kylie Minogue with Years & Years A Second to Midnight
50%
Reasonable Woman and Tension II 8 Weeks #8 Sia & Kylie Minogue Dance Alone
50%
Tension 1 Week #32 Kylie Minogue Hold On To Now
50%
Disco: Guest List Edition 1 Week #49 Kylie Minogue & Jessie Ware Kiss of Life
50%
Tension II 1 Week #43 Kylie Minogue Lights Camera Action
50%
Disco 8 Weeks #17 Kylie Minogue Magic
50%
Born This Way: Reimagined 1 Week #24 Kylie Minogue Marry the Night
50%
Disco 1 Week #30 Kylie Minogue Miss a Thing
50%
Disco 12 Weeks #15 Kylie Minogue x Dua Lipa Real Groove
50%
Deja Vu 10 Weeks #26 Giorgio Moroder ft. Kylie Minogue Right Here, Right Now
50%
Disco 2 Weeks #38 Kylie Minogue I Love It
25%
Kiss Me Once 1 Week #30 Kylie Minogue Sexercise
25%
Non-Album Single 10 Weeks #18 Kylie Minogue Skirt
25%
Disco 1 Week #48 Kylie Minogue Supernova
25%
Collateral 6 Weeks #27 NERVO ft. Kylie Minogue, Jake Shears & Nile Rodgers The Other Boys
25%
No matching quizzes found
Score Distribution
Percent of People with Each Score
Percentile by Number Answered
Your Score History
You have not taken this quiz since the last reset